000 00588nam a2200205 i 4500
001 bgj
100 1 _aCUNNINGSWORTH, Alain
245 1 0 _aChoosing your coursebook /
_cAlain Cunningsworth.
260 _aOxford [etc.] :
_bHeinemann,
_c1995.
300 _aVI, 153 pp :
_bdraw., phot. ;
_c25 cm.
504 _aBibliography.
505 _aIncl. index.
650 9 _aEnglish language
_xStudy and teaching
_xForeign speakers
020 _a0435240587 (pbk)
040 _cBPK
041 0 _aeng
920 _a0-435-24058-7 (pbk)
942 _cKS
008 s uk f |000 0 eng
999 _c48078
_d48078
856 _uhttp://koha.tu.koszalin.pl/cgi-bin/koha/opac-detail.pl?biblionumber=48078
_yKatalog online BPK